Wyniki Ligi Mistrzów - Statystyki

Ogólne statystyki
  • Ten quiz został rozwiązany 142 razy
  • Średni wynik to 12 z 15
Statystyki odpowiedzi
Drużyny Wynik % Poprawnych
Bayern-Psg 1-0
98%
Chelsea-Manchester City 1-0
98%
Real Madryt-Liverpool 1-0
98%
Barcelona-Manchester United 2-0
98%
Inter-Bayern 2-0
98%
Liverpool-Tottenham 2-0
98%
Barcelona-Manchester United 3-1
96%
Barcelona-Juventus 3-1
96%
Real Madryt-Liverpool 3-1
96%
Bayern-Borussia 2-1
94%
Real Madryt-Atletico 4-1
93%
Real Madryt-Juventus 4-1
93%
Chelsea-Bayern 1-1 (4-3)
27%
Real Madryt-Atletico 1-1 (5-3)
27%
Manchester United-Chelsea 1-1 (6-5)
23%
Nie znaleziono quizów pasujących do podanych kryteriów
Rozkład punktacji
Procent ludzi z każdym wynikiem
Percentyl według liczby udzielonych odpowiedzi
Twoja historia wyników
Nie rozwiązałeś tego quizu